000 00991cam a2200301 a 4500
001 4480175
003 ARRUPE
005 20140130164452.0
008 930311s1992 miu bd 001 0 eng d
010 _a92037464
020 _a0802802524 (pbk.)
035 _a(OCoLC)26929623
035 _a(OCoLC)ocm26929623
035 _a(NNC)4480175
040 _aDLC
_cDLC
_dNNUT
050 0 0 _aBV825.2
_b.D385 1992
090 _aBV825.2
_b.D385 1992
100 1 _aDavies, Horton.
_97437
245 1 0 _aBread of life and cup of joy :
_bnewer ecumenical perspectives on the eucharist /
_cHorton Davies.
260 _aGrand Rapids, Mich. :
_bW.B. Eerdmans ;
_aLeominster :
_bGracewing,
_cc1992.
300 _ax, 274 p. ;
_c22 cm.
504 _aIncludes bibliographical references, glossary (p. viii-x) and indexes.
650 0 _aLord's Supper.
_97438
650 0 _aLord's Supper
_xHistory.
_97439
650 0 _aLord's Supper and Christian union.
_97440
942 _2lcc
_cMONOGRAPH
999 _c119803
_d119803